<?xml version="1.0" encoding="UTF-8"?>
<record
    xmlns:xsi="http://www.w3.org/2001/XMLSchema-instance"
    xsi:schemaLocation="http://www.loc.gov/MARC21/slim http://www.loc.gov/standards/marcxml/schema/MARC21slim.xsd"
    xmlns="http://www.loc.gov/MARC21/slim">

  <leader>01701nam2a2200325   4500</leader>
  <controlfield tag="001">RU\NLR\BIBL_A\011814207</controlfield>
  <controlfield tag="005">20181022103246.0</controlfield>
  <datafield tag="010" ind1=" " ind2=" ">
    <subfield code="a">978-5-6041519-6-9</subfield>
  </datafield>
  <datafield tag="021" ind1=" " ind2=" ">
    <subfield code="a">RU</subfield>
    <subfield code="b">&#x41A;&#x41D;-&#x41F;-18-065803</subfield>
    <subfield code="9">&#x41A;&#x41D;-&#x41F;-18-4739</subfield>
  </datafield>
  <datafield tag="035" ind1=" " ind2=" ">
    <subfield code="a">(NLR Aleph) 011814207</subfield>
  </datafield>
  <datafield tag="035" ind1=" " ind2=" ">
    <subfield code="a">(RuMoRGB)009735902</subfield>
  </datafield>
  <datafield tag="090" ind1=" " ind2=" ">
    <subfield code="a">11931468</subfield>
    <subfield code="c">11931468</subfield>
  </datafield>
  <datafield tag="100" ind1=" " ind2=" ">
    <subfield code="a">20181008d2018    u  y0rusy50      ca</subfield>
  </datafield>
  <datafield tag="101" ind1="0" ind2=" ">
    <subfield code="a">rus</subfield>
  </datafield>
  <datafield tag="102" ind1=" " ind2=" ">
    <subfield code="a">RU</subfield>
  </datafield>
  <datafield tag="105" ind1=" " ind2=" ">
    <subfield code="a">y   z   000gy</subfield>
  </datafield>
  <datafield tag="200" ind1="1" ind2=" ">
    <subfield code="a">&#x418;&#x44E;&#x43D;&#x44C;</subfield>
    <subfield code="f">&#x441;&#x43E;&#x441;&#x442;&#x430;&#x432;&#x438;&#x442;&#x435;&#x43B;&#x44C;: &#x42D;&#x434;&#x443;&#x430;&#x440;&#x434; &#x41C;&#x430;&#x43B;&#x44B;&#x43A;&#x438;&#x43D;]</subfield>
  </datafield>
  <datafield tag="210" ind1=" " ind2=" ">
    <subfield code="d">2018</subfield>
  </datafield>
  <datafield tag="215" ind1=" " ind2=" ">
    <subfield code="a">131 &#x441;.</subfield>
  </datafield>
  <datafield tag="300" ind1=" " ind2=" ">
    <subfield code="a">&#x41E;&#x431;&#x449;. &#x43F;&#x43E;&#x434;&#x437;&#x430;&#x433;.: &#x421;&#x442;&#x438;&#x445;&#x438; &#x438; &#x43F;&#x440;&#x43E;&#x437;&#x430;</subfield>
  </datafield>
  <datafield tag="327" ind1="0" ind2=" ">
    <subfield code="a">&#x421;&#x43E;&#x434;&#x435;&#x440;&#x436;.: &#x430;&#x432;&#x442;.: &#x441;&#x442;&#x438;&#x445;&#x438;: &#x414;&#x43C;&#x438;&#x442;&#x440;&#x438;&#x439; &#x413;&#x440;&#x438;&#x431;&#x438;&#x43D;&#x44E;&#x43A;&#x43E;&#x432;, &#x41F;&#x430;&#x432;&#x435;&#x43B; &#x421;&#x43E;&#x43C;&#x43E;&#x432;-&#x417;&#x430;&#x43B;&#x430;&#x43C;&#x441;&#x43A;&#x438;&#x439;, &#x410;&#x43B;&#x435;&#x43D;&#x430; &#x41A;&#x430;&#x43D;&#x430;&#x435;&#x432;&#x430;, &#x41C;&#x430;&#x440;&#x438;&#x430;&#x43D;&#x430; &#x41A;&#x430;&#x440;&#x435;&#x43B;&#x438;&#x43D;&#x430;, &#x422;&#x438;&#x43D;&#x430; &#x421;&#x443;&#x445;&#x430;&#x43D;&#x43E;&#x432;&#x441;&#x43A;&#x430;&#x44F;, &#x412;&#x438;&#x43A;&#x442;&#x43E;&#x440;&#x438;&#x44F; &#x410;&#x439;&#x440;&#x430;&#x43F;&#x435;&#x442;&#x44F;&#x43D;, &#x418;&#x440;&#x438;&#x43D;&#x430; &#x41A;&#x440;&#x430;&#x435;&#x432;&#x430;, &#x410;&#x441;&#x43A;&#x43E;&#x43B;&#x44C;&#x434; &#x421;&#x43D;&#x435;&#x436;&#x438;&#x43D; [&#x438; &#x434;&#x440;.]; &#x43F;&#x440;&#x43E;&#x437;&#x430;: &#x422;&#x430;&#x442;&#x44C;&#x44F;&#x43D;&#x430; &#x41A;&#x43E;&#x43D;&#x44E;&#x445;&#x43E;&#x432;&#x430;, &#x415;&#x43B;&#x435;&#x43D;&#x430; &#x411;&#x430;&#x43A;&#x443;&#x43B;&#x438;&#x43D;&#x430;</subfield>
  </datafield>
  <datafield tag="461" ind1=" " ind2="0">
    <subfield code="1">001RU\NLR\BIBL_A\011779769</subfield>
    <subfield code="1">2001#$a&#x410;&#x432;&#x442;&#x43E;&#x440;&#x44B; XXI &#x432;&#x435;&#x43A;&#x430;$e[&#x43F;&#x440;&#x43E;&#x437;&#x430; &#x438; &#x441;&#x442;&#x438;&#x445;&#x438;$e&#x441;&#x431;&#x43E;&#x440;&#x43D;&#x438;&#x43A;$f&#x441;&#x43E;&#x441;&#x442;&#x430;&#x432;&#x438;&#x442;&#x435;&#x43B;&#x44C;: &#x42F;&#x43D;&#x430; &#x41C;&#x430;&#x43B;&#x44B;&#x43A;&#x438;&#x43D;&#x430;]$v[2018, 2</subfield>
    <subfield code="9">11770231</subfield>
    <subfield code="c">[&#x411;. &#x43C;.]</subfield>
    <subfield code="d">2018</subfield>
    <subfield code="f">&#x441;&#x43E;&#x441;&#x442;&#x430;&#x432;&#x438;&#x442;&#x435;&#x43B;&#x44C;: &#x42F;&#x43D;&#x430; &#x41C;&#x430;&#x43B;&#x44B;&#x43A;&#x438;&#x43D;&#x430;]</subfield>
    <subfield code="n">&#x418;&#x437;&#x434;&#x430;&#x442;&#x435;&#x43B;&#x44C;&#x441;&#x43A;&#x438;&#x439; &#x43F;&#x440;&#x43E;&#x435;&#x43A;&#x442; &#x41B;&#x438;&#x442;&#x41A;&#x443;&#x43B;&#x44C;&#x442;&#x430;</subfield>
    <subfield code="o">[&#x43F;&#x440;&#x43E;&#x437;&#x430; &#x438; &#x441;&#x442;&#x438;&#x445;&#x438; : &#x441;&#x431;&#x43E;&#x440;&#x43D;&#x438;&#x43A;</subfield>
    <subfield code="t">&#x410;&#x432;&#x442;&#x43E;&#x440;&#x44B; XXI &#x432;&#x435;&#x43A;&#x430;</subfield>
    <subfield code="v">[2018, 2</subfield>
  </datafield>
  <datafield tag="686" ind1="2" ind2=" ">
    <subfield code="a">&#x428;6(2=&#x420;)8&#x44F;43</subfield>
  </datafield>
  <datafield tag="702" ind1=" " ind2="1">
    <subfield code="a">&#x41C;&#x430;&#x43B;&#x44B;&#x43A;&#x438;&#x43D;</subfield>
    <subfield code="b">&#x42D;. &#x413;.</subfield>
    <subfield code="f">1984-</subfield>
    <subfield code="g">&#x42D;&#x434;&#x443;&#x430;&#x440;&#x434; &#x413;&#x440;&#x438;&#x433;&#x43E;&#x440;&#x44C;&#x435;&#x432;&#x438;&#x447;</subfield>
    <subfield code="4">220</subfield>
  </datafield>
  <datafield tag="852" ind1=" " ind2=" ">
    <subfield code="a">NLR</subfield>
    <subfield code="j">2018-3/18293</subfield>
  </datafield>
  <datafield tag="942" ind1=" " ind2=" ">
    <subfield code="c">BOOK</subfield>
  </datafield>
  <datafield tag="980" ind1=" " ind2=" ">
    <subfield code="a">NB</subfield>
  </datafield>
  <datafield tag="995" ind1=" " ind2=" ">
    <subfield code="5">2018-10-08</subfield>
    <subfield code="a">ad</subfield>
    <subfield code="b">NLR01</subfield>
    <subfield code="c">NLR01</subfield>
    <subfield code="e">RF31</subfield>
    <subfield code="f">1-2478069</subfield>
    <subfield code="k">2018-3/18293</subfield>
    <subfield code="o">0</subfield>
    <subfield code="r">BOOK</subfield>
    <subfield code="s">2018318293_</subfield>
  </datafield>
  <datafield tag="995" ind1=" " ind2=" ">
    <subfield code="5">2018-10-08</subfield>
    <subfield code="a">ad</subfield>
    <subfield code="b">NLR01</subfield>
    <subfield code="c">NLR01</subfield>
    <subfield code="e">RF31</subfield>
    <subfield code="f">1-2478076</subfield>
    <subfield code="k">2018-3/18293</subfield>
    <subfield code="o">0</subfield>
    <subfield code="r">BOOK</subfield>
    <subfield code="s">2018318293_</subfield>
  </datafield>
</record>
